| 000 | 00847nam a22002297a 4500 | ||
|---|---|---|---|
| 003 | OSt | ||
| 005 | 20230727133116.0 | ||
| 008 | 140903b xxu||||| |||| 00| 0 eng d | ||
| 022 | _a08550840 | ||
| 040 | _cWIUC | ||
| 050 | _aKRX19.A3.G34(1984-86 vol.1) | ||
| 245 |
_aThe Ghana law reports 1984-86 volume1: cases determined by the High Court, the Court of Appeal and the Supreme Court of the Republic of Ghana /: _cedited by D.R.K. Sankah and assisted by L.K. Agbosu and John K. Essel Edzie. |
||
| 260 |
_aAccra: _bCouncil for Law Reporting, _c1993. |
||
| 300 |
_axlv, 802p. : _c25cm. |
||
| 440 | _vVol. 1 | ||
| 500 | _aIncludes index. | ||
| 700 |
_aSankah, D. R. K. _92129 |
||
| 700 |
_aAgbosu, L. K. _92136 |
||
| 700 |
_aEdzie, John K. Essel. _92163 |
||
| 800 |
_aSankah, D.R.K. _aAgbosu, L.K. _aEdzie, Essel John K. _92164 |
||
| 942 |
_2lcc _cBK |
||
| 999 |
_c4116 _d11616 |
||